000 00456nam a22001817a 4500
003 CEME
005 20210628202701.0
008 210122b xxu||||| |||| 00| 0 eng d
020 _a81-8128-382-1
040 _cceme
082 _a621.361 INT
100 _aAndrews, David L,Demidov, Andrey A
_961064
245 _aAn introduction to laser spectroscopy
250 _a2ND
260 _aNEW YORK
_bSPRINGER
_c2005
300 _aX,375 P
942 _cBK
_2ddc
999 _c570626
_d570626